| 000 | 00801nam a2200241 i 4500 | ||
|---|---|---|---|
| 001 | bg | ||
| 100 | 1 | _aHIGGINS, Robert C. | |
| 245 | 1 | 0 |
_aAnalysis for financial management / _cRobert C. Higgins. |
| 250 | _a5th ed. | ||
| 260 |
_aBoston [et al.] : _bIrwin ; McGraw Hill, _ccop. 1998. |
||
| 300 |
_aXIX, 411 s. : _bfaks., rys., wykr. ; _c23 cm. |
||
| 490 | 1 | _aThe Irwin/McGraw Hill Series in Finance, Insurance and Real Estate | |
| 504 | _aBibliogr., summ. przy rozdz. - Indeks. | ||
| 650 | 9 |
_aPrzedsiębiorstwo _xfinanse _xbadanie |
|
| 830 | _aThe Irwin/McGraw Hill Series in Finance, Insurance and Real Estate | ||
| 020 | _a0256167036 | ||
| 040 | _cBPK | ||
| 041 | 0 |
_aen _ben |
|
| 080 | _a658.14/.17 | ||
| 920 | _a0-256-16703-6 | ||
| 942 | _cKS | ||
| 008 | s pl f |000 0 pol | ||
| 999 |
_c33463 _d33463 |
||
| 856 |
_uhttp://koha.tu.koszalin.pl/cgi-bin/koha/opac-detail.pl?biblionumber=33463 _yKatalog online BPK |
||